LEADER 04769nam 22006255 450 001 9910252727603321 005 20200704120015.0 010 $a3-319-26033-2 024 7 $a10.1007/978-3-319-26033-4 035 $a(CKB)3710000000765311 035 $a(EBL)4617233 035 $a(DE-He213)978-3-319-26033-4 035 $a(MiAaPQ)EBC4617233 035 $a(EXLCZ)993710000000765311 100 $a20160729d2017 u| 0 101 0 $aeng 135 $aur|n|---||||| 181 $ctxt$2rdacontent 182 $cc$2rdamedia 183 $acr$2rdacarrier 200 10$aFamily Resilience and Chronic Illness $eInterdisciplinary and Translational Perspectives /$fedited by Ginger L. Welch, Amanda W. Harrist 205 $a1st ed. 2017. 210 1$aCham :$cSpringer International Publishing :$cImprint: Springer,$d2017. 215 $a1 online resource (238 p.) 225 1 $aEmerging Issues in Family and Individual Resilience,$x2366-6072 300 $aDescription based upon print version of record. 311 $a3-319-26031-6 320 $aIncludes bibliographical references at the end of each chapters and index. 327 $aUsing a Life-World Approach to Understand Family Resilience -- Helping Families Survive and Thrive through the Premature Birth of an Infant -- Enhancing Coping and Resiliency among Families of Individuals with Sickle Cell Disease -- Translational Research and Clinical Applications in the Management of Cystic Fibrosis -- Improving Physician Self-efficacy and Reducing Provider Bias: A Family Science Approach to Pediatric Obesity Treatment -- Facing Changes Together: Teamwork and Family Resilience During Transition of Pediatric Solid Organ Transplant Patients to Adult Care -- Fighting for the Forgotten: Risk and Resilience of Children and Families Involved with the Foster Care System -- Strengthening Families Facing Breast Cancer: Emerging Trends and Clinical Recommendations -- Fostering Resilience among Older Adults Living with Osteoporosis and Osteoarthritis -- The Unfolding of Unique Problems in Later Life Families. . 330 $aThis interdisciplinary volume offers theoretical, empirical, and practical insights into the strengths of families beset by chronic health issues. Featuring topics that run the lifespan from infancy to late adulthood, its coverage reflects both the diversity of family challenges in long-term illness and the wealth of effective approaches to intervention. The component skills of resilience in life-changing circumstances, from coping and meaning making to balancing care and self-care, are on rich display in a framework for their enhancement in therapy. The book?s expert contributors include tools to aid readers in the learning and teaching of concepts as they model respectful, meaningful research methods and ethical, non-judgmental practice. Among the topics covered: Helping families survive and thrive through the premature birth of an infant. Enhancing coping and resiliency among families of individuals with sickle cell disease. A family science approach to pediatric obesity treatment. Risk and resilience of children and families involved with the foster care system. Strengthening families facing breast cancer: emerging trends and clinical recommendations. The unfolding of unique problems in later life families. With its mix of practical and empirical expertise, Family Resilience and Chronic Illness: Interdisciplinary and Translational Perspectives has much to offer both researchers in the family resilience field and mental health practitioners working with clients with chronic illness. . 410 0$aEmerging Issues in Family and Individual Resilience,$x2366-6072 606 $aFamilies 606 $aFamilies?Social aspects 606 $aDevelopmental psychology 606 $aPublic health 606 $aFamily$3https://scigraph.springernature.com/ontologies/product-market-codes/X27000 606 $aDevelopmental Psychology$3https://scigraph.springernature.com/ontologies/product-market-codes/Y20010 606 $aPublic Health$3https://scigraph.springernature.com/ontologies/product-market-codes/H27002 615 0$aFamilies. 615 0$aFamilies?Social aspects. 615 0$aDevelopmental psychology. 615 0$aPublic health. 615 14$aFamily. 615 24$aDevelopmental Psychology. 615 24$aPublic Health. 676 $a362.196044 702 $aWelch$b Ginger L$4edt$4http://id.loc.gov/vocabulary/relators/edt 702 $aHarrist$b Amanda W$4edt$4http://id.loc.gov/vocabulary/relators/edt 801 0$bMiAaPQ 801 1$bMiAaPQ 801 2$bMiAaPQ 906 $aBOOK 912 $a9910252727603321 996 $aFamily Resilience and Chronic Illness$92523038 997 $aUNINA LEADER 01060nam0 22002291i 450 001 UON00179686 005 20231205103126.739 100 $a20030730d1980 |0itac50 ba 101 $aita 102 $aSZ 105 $a||||y ||||| 200 1 $aBanca dei regolamenti internazionali$ecinquantesima relazione annuale, 1 april e 1979 - 31 marzo 1980$fBanca dei Regolamenti internazionali 210 $aBasilea$cs.e. $d1980 215 $a184 p.$d30 cm. 606 $aMONETA$xMercato internazionale$3UONC036498$2FI 710 02$aBanca dei Regolamenti Internazionali$3UONV102804$0354182 801 $aIT$bSOL$c20241115$gRICA 912 $aUON00179686 950 $aSIBA - SISTEMA BIBLIOTECARIO DI ATENEO$dSI V ECON O 0106 $eSI SC 9014 5 0106 950 $aSIBA - SISTEMA BIBLIOTECARIO DI ATENEO$dSI V ECON O 0106 bis $eSI SC 9015 5 0106 bis 996 $aBanca dei regolamenti internazionali$91288947 997 $aUNIOR